[Event "CP-2010-P-00030"]
[Site "LSS email"]
[Date "2010.09.28"]
[Round "?"]
[White "Milde, Lars"]
[Black "Pegado, Sergio Rodrigo"]
[Result "1-0"]
[WhiteElo "1755"]
[BlackElo "937"]
[PlyCount "23"]
[EventDate "2010.10.01"]
[EventType "tourn (corr)"]
[EventRounds "6"]
[EventCountry "GER"]
[SourceTitle "Corr 2015"]
[Source "ChessBase"]
[SourceDate "2015.07.17"]
[SourceVersion "1"]
[SourceVersionDate "2015.07.17"]
[SourceQuality "1"]

1. e4 e6 2. d4 d5 3. Nc3 dxe4 4. Nxe4 Be7 5. Nf3 Nf6 6. Nxf6+ Bxf6 7. c3 Nc6 8. Bf4 0-0 9. Bd3 e5 10. dxe5 Re8 11. 0-0 Be7 12. Qc2 1-0

[Event "OP-2010-0-01250"]
[Site "LSS email"]
[Date "2010.09.02"]
[Round "?"]
[White "Pegado, Sergio Rodrigo"]
[Black "Souply, Yves"]
[Result "0-1"]
[WhiteElo "890"]
[BlackElo "1640"]
[PlyCount "68"]
[EventDate "2010.08.29"]
[EventType "tourn (corr)"]
[EventRounds "4"]
[EventCountry "GER"]
[SourceTitle "Telechess CBM 143"]
[Source "ChessBase"]
[SourceDate "2011.07.15"]
[SourceVersion "1"]
[SourceVersionDate "2011.07.15"]
[SourceQuality "1"]

1. e4 c6 2. d4 d5 3. Nc3 dxe4 4. Nxe4 Bf5 5. Ng3 Bg6 6. c3 e6 7. Qb3 Qb6 8. Qxb6 axb6 9. Nf3 Nd7 10. Bc4 b5 11. Be2 Ngf6 12. 0-0 Bd6 13. Be3 h6 14. Rfe1 0-0 15. Nh4 Bh7 16. a3 Nd5 17. Bd2 N7b6 18. Nf3 Rfd8 19. Ra2 Bc2 20. Raa1 Nf6 21. Rac1 Bg6 22. Ra1 Bh7 23. Bc1 b4 24. Ne5 bxc3 25. bxc3 Nfd5 26. c4 Nb4 27. Bg5 hxg5 28. axb4 Bxb4 29. Rxa8 Rxa8 30. Rf1 Bc3 31. Rd1 Na4 32. Bd3 f6 33. Bxh7+ Kxh7 34. Nf3 g4 0-1

[Event "LSS RN-2010-0-00305"]
[Site "LSS email"]
[Date "2010.07.28"]
[Round "?"]
[White "Pegado, Sergio Rodrigo"]
[Black "Verich, Oleg"]
[Result "1-0"]
[WhiteElo "932"]
[BlackElo "955"]
[PlyCount "67"]
[EventDate "2010.07.12"]
[EventType "tourn (corr)"]
[EventRounds "6"]
[EventCountry "GER"]
[SourceTitle "Telechess CBM 143"]
[Source "ChessBase"]
[SourceDate "2011.07.15"]
[SourceVersion "1"]
[SourceVersionDate "2011.07.15"]
[SourceQuality "1"]

1. e4 e5 2. Nf3 Nc6 3. a3 Bc5 4. b4 Bb6 5. c3 d6 6. Bb5 Nge7 7. d3 Bg4 8. h3 Bh5 9. Nbd2 0-0 10. Qe2 a6 11. Ba4 f5 12. exf5 Bxf3 13. Nxf3 Nxf5 14. Bg5 Qe8 15. 0-0 h6 16. Bc1 Qg6 17. Re1 Nce7 18. Qe4 c6 19. Ra2 Nd5 20. Bb3 Nfe7 21. c4 Qxe4 22. dxe4 Nc3 23. c5+ d5 24. Rc2 Bxc5 25. bxc5 Nb5 26. exd5 Nxd5 27. Rxe5 Rad8 28. a4 Nbc7 29. Rb2 Kh8 30. Bxd5 Nxd5 31. Rxb7 Rfe8 32. Bb2 Rxe5 33. Nxe5 Rc8 34. Ng6+ 1-0

[Event "LSS RN-2010-0-00298"]
[Site "LSS email"]
[Date "2010.06.20"]
[Round "?"]
[White "Jaszczowski, Zdzislaw"]
[Black "Pegado, Sergio Rodrigo"]
[Result "0-1"]
[WhiteElo "785"]
[BlackElo "906"]
[PlyCount "48"]
[EventDate "2010.06.04"]
[EventType "tourn (corr)"]
[EventRounds "6"]
[EventCountry "GER"]
[SourceTitle "Telechess CBM 143"]
[Source "ChessBase"]
[SourceDate "2011.07.15"]
[SourceVersion "1"]
[SourceVersionDate "2011.07.15"]
[SourceQuality "1"]

1. e4 e6 2. d4 d5 3. exd5 exd5 4. Nc3 Bb4 5. Qf3 Nc6 6. Qe3+ Nge7 7. Bd2 0-0 8. 0-0-0 Nf5 9. Qf3 Nfxd4 10. Qg3 Nf5 11. Qf3 Be6 12. Bf4 Ncd4 13. Qd3 c5 14. g4 Ne7 15. f3 Qa5 16. Kb1 Ng6 17. Bd2 Ne5 18. Qe3 Ndc6 19. h3 d4 20. Qxe5 Nxe5 21. Nd5 Bxd5 22. b3 Bxd2 23. Rh2 Bc3 24. f4 Qa3 0-1

[Event "LSS RN-2010-0-00288"]
[Site "LSS email"]
[Date "2010.05.17"]
[Round "?"]
[White "Pegado, Sergio Rodrigo"]
[Black "Yangibayev, Rustam"]
[Result "0-1"]
[WhiteElo "890"]
[BlackElo "1400"]
[PlyCount "58"]
[EventDate "2010.05.06"]
[EventType "tourn (corr)"]
[EventRounds "6"]
[EventCountry "GER"]
[SourceTitle "Telechess CBM 147"]
[Source "ChessBase"]
[SourceDate "2012.03.16"]
[SourceVersion "1"]
[SourceVersionDate "2012.03.16"]
[SourceQuality "1"]

1. e4 c6 2. Nc3 d5 3. Nf3 Bg4 4. d4 Qa5 5. Bd2 Qb6 6. exd5 cxd5 7. Nxd5 Qd6 8. c4 e6 9. Qa4+ Nc6 10. Ba5 exd5 11. c5 Qe6+ 12. Ne5 f6 13. Be2 Bxe2 14. Kxe2 fxe5 15. Rhe1 e4 16. Kf1 Nf6 17. Qb3 Rb8 18. Kg1 Be7 19. f3 0-0 20. a4 Nxa5 21. Qb5 Nc6 22. Rad1 Qf5 23. fxe4 Nxe4 24. Rf1 Qg5 25. Rxf8+ Bxf8 26. Rf1 Qe3+ 27. Kh1 Nxd4 28. Qd7 Nf2+ 29. Kg1 Ne2# 0-1

[Event "LSS RN-2010-0-00288"]
[Site "LSS email"]
[Date "2010.05.16"]
[Round "?"]
[White "Pegado, Sergio Rodrigo"]
[Black "Vontina, Maria"]
[Result "1-0"]
[WhiteElo "875"]
[BlackElo "682"]
[PlyCount "59"]
[EventDate "2010.05.06"]
[EventType "tourn (corr)"]
[EventRounds "6"]
[EventCountry "GER"]
[SourceTitle "Corr 2013"]
[Source "ChessBase"]
[SourceDate "2012.11.12"]
[SourceVersion "1"]
[SourceVersionDate "2012.11.12"]
[SourceQuality "1"]

1. e4 e6 2. d4 d5 3. Nc3 Bb4 4. Bd2 Ne7 5. Bb5+ c6 6. Ba4 0-0 7. Qg4 Ng6 8. Nf3 dxe4 9. Ne5 Nxe5 10. dxe5 Nd7 11. Bh6 g6 12. 0-0-0 Re8 13. Nxe4 Be7 14. Nf6+ Bxf6 15. Rhe1 Bh8 16. g3 Qe7 17. f4 b5 18. Bb3 a5 19. Bg5 Qf8 20. c3 Nb6 21. Rd6 Bb7 22. h4 a4 23. Bc2 Nd5 24. h5 Bg7 25. hxg6 hxg6 26. Rh1 Ne3 27. Qh3 f5 28. exf6 Kf7 29. fxg7 Qxg7 30. Rd7+ 1-0

[Event "LSS ZN-2009-0-00555"]
[Site "LSS email"]
[Date "2009.03.02"]
[Round "?"]
[White "Yangibayev, Rustam"]
[Black "Pegado, Sergio Rodrigo"]
[Result "1-0"]
[WhiteElo "647"]
[BlackElo "914"]
[PlyCount "47"]
[EventDate "2009.02.21"]
[EventType "match (corr)"]
[EventRounds "2"]
[EventCountry "GER"]
[SourceTitle "Corr 2011"]
[Source "ChessBase"]
[SourceDate "2010.08.31"]
[SourceVersion "1"]
[SourceVersionDate "2010.08.31"]
[SourceQuality "1"]

1. d4 Nf6 2. c4 e6 3. Nc3 Bb4 4. Bd2 b6 5. e3 0-0 6. Nf3 d5 7. Be2 Nc6 8. 0-0 Ba6 9. b3 Ne4 10. Rc1 Re8 11. Re1 Qf6 12. Bd3 Rad8 13. Nxe4 dxe4 14. Bxe4 Bxd2 15. Qxd2 e5 16. d5 Nb8 17. Qb4 c5 18. Qc3 Kh8 19. Bb1 Bc8 20. h3 Bxh3 21. gxh3 Qxf3 22. a3 e4 23. Kf1 Qxh3+ 24. Ke2 1-0

[Event "IECG TE.2008.P.02504 email"]
[Site "IECG email"]
[Date "2008.03.15"]
[Round "2"]
[White "Perez, Giorgio"]
[Black "Pegado, Sergio Rodrigo"]
[Result "1-0"]
[WhiteElo "1827"]
[BlackElo "949"]
[PlyCount "21"]
[EventDate "2008.03.15"]
[EventType "tourn (corr)"]
[EventRounds "12"]
[SourceTitle "Corr 2024"]
[Source "ChessBase"]
[SourceDate "2023.10.19"]
[SourceVersion "1"]
[SourceVersionDate "2023.10.19"]
[SourceQuality "1"]

1. d4 d5 2. c4 c6 3. Nc3 Nf6 4. e3 e5 5. Nf3 Nbd7 6. Qc2 Bd6 7. Be2 0-0 8. b3 b6 9. 0-0 Bb7 10. Bb2 c5 11. cxd5 1-0

[Event "LSS CP-2007-P-00032"]
[Site "LSS email"]
[Date "2007.10.01"]
[Round "?"]
[White "Knoeppel, Bjoern"]
[Black "Pegado, Sergio Rodrigo"]
[Result "1-0"]
[WhiteElo "2127"]
[BlackElo "934"]
[PlyCount "41"]
[EventDate "2007.10.01"]
[EventType "tourn (corr)"]
[EventRounds "6"]
[EventCountry "GER"]
[SourceTitle "Corr 2011"]
[Source "ChessBase"]
[SourceDate "2010.08.31"]
[SourceVersion "1"]
[SourceVersionDate "2010.08.31"]
[SourceQuality "1"]

1. d4 Nf6 2. Bg5 Nc6 3. Bxf6 exf6 4. e3 d5 5. c4 Bb4+ 6. Nc3 0-0 7. Nf3 Bg4 8. cxd5 Qxd5 9. Be2 Qa5 10. Qb3 Rab8 11. 0-0 Rfe8 12. Rac1 Bf8 13. d5 Ne5 14. Nxe5 Bxe2 15. Nxe2 fxe5 16. Rfd1 Bd6 17. Ng3 b5 18. Rc6 Red8 19. Ne4 h6 20. a3 Bf8 21. Qd3 1-0

[Event "LSS CP-2007-P-00032"]
[Site "LSS email"]
[Date "2007.10.01"]
[Round "?"]
[White "Pegado, Sergio Rodrigo"]
[Black "Vyzharov, Ivan"]
[Result "0-1"]
[WhiteElo "934"]
[BlackElo "2178"]
[PlyCount "52"]
[EventDate "2007.10.01"]
[EventType "tourn (corr)"]
[EventRounds "6"]
[EventCountry "GER"]
[SourceTitle "Corr 2011"]
[Source "ChessBase"]
[SourceDate "2010.08.31"]
[SourceVersion "1"]
[SourceVersionDate "2010.08.31"]
[SourceQuality "1"]

1. e4 c5 2. Nf3 d6 3. d4 cxd4 4. Nxd4 Nf6 5. Nc3 a6 6. Bc4 e6 7. f3 Be7 8. 0-0 Nc6 9. Nxc6 bxc6 10. Be3 d5 11. Be2 c5 12. exd5 exd5 13. Bf4 0-0 14. Qd3 Be6 15. Rfe1 d4 16. Ne4 c4 17. Qd2 Nxe4 18. fxe4 Qb6 19. Kh1 Rfd8 20. a3 a5 21. Rab1 a4 22. Red1 Ra5 23. Qe1 Rb5 24. Qg3 Rd7 25. Bc1 Qb7 26. Qf2 d3 0-1

[Event "IECG QF.2006.0.00074"]
[Site "IECG email"]
[Date "2006.02.16"]
[Round "?"]
[White "Pegado, Sergio Rodrigo"]
[Black "Khramkov, Alexey Gennadievic"]
[Result "0-1"]
[WhiteElo "1008"]
[BlackElo "1000"]
[PlyCount "36"]
[EventDate "2006.02.16"]
[EventType "tourn (corr)"]
[EventRounds "6"]
[SourceTitle "Corr 2008"]
[Source "ChessBase"]
[SourceDate "2008.06.24"]
[SourceVersion "1"]
[SourceVersionDate "2008.06.24"]
[SourceQuality "1"]

1. e4 c5 2. d4 cxd4 3. c3 dxc3 4. Nxc3 d6 5. Nf3 Nf6 6. Bb5+ Bd7 7. Bxd7+ Nbxd7 8. Bg5 g6 9. Qb3 Qa5 10. Bxf6 exf6 11. 0-0 Bg7 12. Rfd1 0-0 13. Qxb7 Nc5 14. Qd5 Rad8 15. Nd2 Qc7 16. Nc4 Rfe8 17. Nb5 Qb7 18. Ncxd6 Qxd5 0-1

[Event "IECG QF.2006.0.00074"]
[Site "IECG email"]
[Date "2006.02.16"]
[Round "?"]
[White "Pegado, Sergio Rodrigo"]
[Black "Zub, Dmitry"]
[Result "0-1"]
[WhiteElo "1008"]
[BlackElo "846"]
[PlyCount "25"]
[EventDate "2006.02.16"]
[EventType "tourn (corr)"]
[EventRounds "6"]
[SourceTitle "Corr 2024"]
[Source "ChessBase"]
[SourceDate "2023.10.19"]
[SourceVersion "1"]
[SourceVersionDate "2023.10.19"]
[SourceQuality "1"]

1. e4 e5 2. Nf3 Nc6 3. Bb5 Nf6 4. 0-0 d6 5. Bxc6+ bxc6 6. d4 exd4 7. Nxd4 Bb7 8. Nf5 g6 9. Ne3 Bg7 10. Re1 0-0 11. Nc3 c5 12. Nc4 Re8 13. Qd3 0-1

[Event "IECG CF.2005.0.00074 email"]
[Site "IECG email"]
[Date "2005.08.15"]
[Round "?"]
[White "Pegado, Sergio Rodrigo"]
[Black "Anatolyev, Stanislav"]
[Result "0-1"]
[WhiteElo "1060"]
[BlackElo "1123"]
[PlyCount "40"]
[EventDate "2005.08.15"]
[EventType "tourn (corr)"]
[EventRounds "6"]
[SourceTitle "Corr 2008"]
[Source "ChessBase"]
[SourceDate "2008.06.24"]
[SourceVersion "1"]
[SourceVersionDate "2008.06.24"]
[SourceQuality "1"]

1. e4 e5 2. Nf3 Nc6 3. Bc4 Bc5 4. c3 Nf6 5. 0-0 Nxe4 6. d4 exd4 7. Re1 d5 8. cxd4 Be7 9. Bb5 0-0 10. a3 a6 11. Bxc6 bxc6 12. h3 Bf5 13. Bf4 Bd6 14. Qc1 Re8 15. Qxc6 Bxf4 16. Nc3 Nxc3 17. Rxe8+ Qxe8 18. Qxe8+ Rxe8 19. bxc3 Re2 20. Rb1 Bxb1 0-1

[Event "CFriend SL-2004-0-00022 email"]
[Site "Chessfriend.com"]
[Date "2004.08.21"]
[Round "1"]
[White "Noble, Walden"]
[Black "Pegado, Sergio Rodrigo"]
[Result "1-0"]
[WhiteElo "1926"]
[BlackElo "1008"]
[PlyCount "69"]
[EventDate "2004.??.??"]
[EventType "tourn (corr)"]
[EventRounds "7"]
[SourceTitle "Corr 2008"]
[Source "ChessBase"]
[SourceDate "2008.06.24"]
[SourceVersion "1"]
[SourceVersionDate "2008.06.24"]
[SourceQuality "1"]

1. e4 c5 2. Nf3 Nc6 3. d4 cxd4 4. Nxd4 a6 5. c4 d6 6. Nc3 e5 7. Nc2 Be7 8. Be3 Nf6 9. Be2 0-0 10. 0-0 Be6 11. b3 Qd7 12. f3 b5 13. cxb5 axb5 14. Bxb5 d5 15. exd5 Nxd5 16. Nxd5 Bxd5 17. Bc4 Ra5 18. Bb6 Bc5+ 19. Bxc5 Rxc5 20. Ne3 Nb4 21. a3 Nc6 22. Bxd5 Nd4 23. Bc4 Qa7 24. Kh1 Rd8 25. Qb1 e4 26. Qxe4 Rh5 27. Rad1 Qc7 28. f4 g6 29. Rxd4 Rxd4 30. Qxd4 Qe7 31. Nd5 Qh4 32. Nf6+ Kf8 33. Qd8+ Kg7 34. Qg8+ Kh6 35. Qf8# 1-0

[Event "CFriend SL-2004-0-00022 email"]
[Site "Chessfriend.com"]
[Date "2004.08.21"]
[Round "1"]
[White "Pegado, Sergio Rodrigo"]
[Black "Castellano, Antonio Jr"]
[Result "0-1"]
[WhiteElo "1008"]
[BlackElo "1155"]
[PlyCount "48"]
[EventDate "2004.??.??"]
[EventType "tourn (corr)"]
[EventRounds "7"]
[SourceTitle "Corr 2008"]
[Source "ChessBase"]
[SourceDate "2008.06.24"]
[SourceVersion "1"]
[SourceVersionDate "2008.06.24"]
[SourceQuality "1"]

1. d4 Nf6 2. Nc3 d5 3. h3 g6 4. Nf3 Bg7 5. Qd3 0-0 6. g4 c6 7. Bf4 Nbd7 8. 0-0-0 b5 9. g5 Nh5 10. Be5 Nxe5 11. dxe5 b4 12. Nb5 Bf5 13. Qe3 cxb5 14. Bg2 Be4 15. Rd2 Qa5 16. Kb1 Rac8 17. Rc1 Rc4 18. Nd4 Bxg2 19. e6 fxe6 20. Qxe6+ Rf7 21. Nc6 Rxc6 22. Qxc6 b3 23. Qe8+ Rf8 24. Qxe7 Qxa2# 0-1